000 00931cam a2200289 a 4500
001 2614
003 FISKH
005 20240104151106.0
008 031010s2002 nyu 000 1 eng d
010 _a 2003277378
020 _a9780575074545
035 _a(OCoLC)ocm50037331
040 _aORX
_cORX
_dUUC
_dDPL
_dJED
_dOCLCQ
_dDLC
_beng
042 _alccopycat
050 0 0 _aPN6231.P3
_bG47 2002
082 0 4 _a813.6
_221
100 1 _aGerber, Michael,
_d1969-
245 1 0 _aBarry Trotter and the unauthorized parody /
_cby Michael Gerber
260 _aNew York :
_bGollancz,
_c2002.
300 _a274 pages :
_c20 cm
500 _a"A Fireside book."
520 _aParody of J.K. Rowling's Harry Potter series.
600 1 0 _aPotter, Harry
_c(Fictitious character)
_vParodies, imitations, etc.
600 1 0 _aRowling, J. K.
_vParodies, imitations, etc.
906 _a7
_bcbc
_ccopycat
_d2
_encip
_f20
_gy-gencatlg
942 _2ddc
_cBK
_n0
999 _c2614
_d2614